000 01350nam2a2200289 4500
001 RU\NLR\bibl\598670
005 20250610141844.0
010 _a5-7368-0176-0
_926000
021 _aRU
_b2004-70569
_93479
035 _a(NLR Aleph) 000590621
090 _a1710777
_c1710777
100 _a20050118d2004 |||y0rusy50 ca
101 0 _arus
102 _aRU
105 _aach |||||||||
200 1 _a"Минувших дней очарованье..."
_e[Стихи]
210 _d2004
_aБ. м.
215 _a557,[1] с.
_cил., портр., факс.
327 1 _aСодерж.: Авт.: М.В. Ломоносов, А.П. Сумароков, Н.М. Карамзин, Г.Р. Державин, И.А. Крылов, В.А. Жуковский, Д.В. Давыдов, Ф.Н. Глинка, К.Н. Батюшков, П.А. Вяземский и др.
461 0 _1001RU\NLR\bibl\729102
_12001#$aШедевры отечественной поэзии XVIII, XIX, XX веков$vТ. 1
_9691473
_cМ.
_d2004
_fРед. совет: Е.П. Челышев и др.
_nСинергия
_o[В 3 т.]
_tШедевры отечественной поэзии XVIII, XIX, XX веков
_vТ. 1
686 _aШ9(2)62=Р5-5я43
801 0 _aRU
_bNLR
_c20050118
_gPSBO
801 1 _aRU
_bNLR
_c20050118
942 _cBOOK
980 _aNB